书目信息 |
| 题名: |
建筑结构
|
|
| 作者: | 苏明会 , 赵亮 主编 | |
| 分册: | ||
| 出版信息: | 北京 北京大学出版社 2015.01 |
|
| 页数: | 399页 | |
| 开本: | 26cm | |
| 丛书名: | 21世纪全国本科院校土木建筑类创新型应用人才培养规划教材 | |
| 单 册: | ||
| 中图分类: | TU3 | |
| 科图分类: | ||
| 主题词: | 建筑结构--jian zhu jie gou--高等学校--教材 | |
| 电子资源: | ||
| ISBN: | 978-7-301-25307-6 | |
| 000 | 01149nam 2200289 450 | |
| 001 | CAL 0120151515760 | |
| 005 | 20150806161822.89 | |
| 010 | @a978-7-301-25307-6@dCNY50.00 | |
| 100 | @a20150309d2015 em y0chiy50 ea | |
| 101 | 0 | @achi |
| 102 | @aCN@b110000 | |
| 105 | @aak a 000yy | |
| 106 | @ar | |
| 200 | 1 | @a建筑结构@Ajian zhu jie gou@f主编苏明会, 赵亮 |
| 210 | @a北京@c北京大学出版社@d2015.01 | |
| 215 | @a399页@c图@d26cm | |
| 225 | 2 | @a21世纪全国本科院校土木建筑类创新型应用人才培养规划教材@A21 shi ji quan guo ben ke yuan xiao tu mu jian zhu lei chuang xin xing ying yong ren cai pei yang gui hua jiao cai |
| 320 | @a有书目 (第399页) | |
| 330 | @a本书内容包括: 绪论 ; 作用效应和抗力 ; 结构材料的力学性能 ; 混凝土轴心受力构件 ; 混凝土受弯构件 ; 混凝土偏心受力构件 ; 混凝土受扭构件 ; 预应力混凝土结构构件等。 | |
| 410 | 0 | @12001 @a21世纪全国本科院校土木建筑类创新型应用人才培养规划教材 |
| 586 | @a | |
| 606 | 0 | @a建筑结构@Ajian zhu jie gou@x高等学校@j教材 |
| 690 | @aTU3@v5 | |
| 701 | 0 | @a苏明会@Asu ming hui@4主编 |
| 701 | 0 | @a赵亮@Azhao liang@4主编 |
| 801 | 0 | @aCN@c20150820 |
| 905 | @a河南城建学院图书馆@dTU3@eS850@f3 | |
| 建筑结构/主编苏明会, 赵亮.-北京:北京大学出版社,2015.01 |
| 399页:图;26cm.-(21世纪全国本科院校土木建筑类创新型应用人才培养规划教材) |
| ISBN 978-7-301-25307-6:CNY50.00 |
| 本书内容包括: 绪论 ; 作用效应和抗力 ; 结构材料的力学性能 ; 混凝土轴心受力构件 ; 混凝土受弯构件 ; 混凝土偏心受力构件 ; 混凝土受扭构件 ; 预应力混凝土结构构件等。 |
| ● |
| 相关链接 |
|
|
|
正题名:建筑结构
索取号:TU3/S850
 
预约/预借
| 序号 | 登录号 | 条形码 | 馆藏地/架位号 | 状态 | 备注 |
| 1 | 1162416 | 211624161 | 建筑库101/101建筑库 74排3列4层/ [索取号:TU3/S850] | 在馆 | |
| 2 | 1162417 | 211624170 | 建筑库101/101建筑库 74排3列4层/ [索取号:TU3/S850] | 在馆 | |
| 3 | 1162418 | 211624189 | 土木与交通工程学院资料室/101建筑库 39排6列4层/ [索取号:TU3/S850] | 在馆 |